| 000 | 01614nam a2200373 c 4500 | ||
|---|---|---|---|
| 003 | BLK | ||
| 005 | 20241223133913.0 | ||
| 008 | 180408b bul|||||r ||||||| ||bul|| | ||
| 010 | _aKNG00083371000 | ||
| 020 |
_a978-954-579-683-8 _bиздат.: Славена |
||
| 040 | _aBLK | ||
| 041 |
_aBUL _cBUL |
||
| 080 |
_aТуризмът от стопанско гледище. Политика по отношение на туризма. Икономика и организация на туризма. Вътрешен и международен туризъм. Вж и 379.8 _b338.48 _x(075.2) _z338.48(075.2) |
||
| 100 | 1 |
_aРакаджийска, Светла Генова _eпърви автор _9364066 |
|
| 139 |
_aБългарският туризъм _bБ 92 |
||
| 245 | 1 | 0 |
_aБългарският туризъм _bПриоритети за развитие _cСветла Генова Ракаджийска. |
| 257 | _aBGR | ||
| 260 |
_аВарна _bСлавена _c2007 |
||
| 300 |
_a188 с. _bс табл. _c20 см |
||
| 380 | _a3 | ||
| 490 | 1 | _aБиблиотека Туризъм | |
| 650 | 4 |
_aТуризъм - икономически проблеми _9246366 |
|
| 653 | _aтуризъм | ||
| 653 | _aикономическо развитие | ||
| 653 | _aфолклорен туризъм | ||
| 653 | _aздравен туризъм | ||
| 653 | _aвинен туризъм | ||
| 852 | _aЦб 239758 | ||
| 856 | 4 |
_qpdf _u |
|
| 856 | 4 |
_qpdf _u |
|
| 942 |
_cKNG _n0 _04 |
||
| 944 |
_aCR _c21.04.2008 _k30576 _lЦветомила Тодорова |
||
| 944 |
_aED _c30.03.2011 _k |
||
| 999 |
_c78903 _d78903 |
||